000 00636pam a2200169 a 4500
020 _a0521403855 (hardback)
040 _cDLC
082 0 0 _a333 CAM 1995 C148 Or.
100 1 _aGrove, Richard
245 1 0 _aGreen imperialism :
_bcolonial expansion, tropical island Edens, and the origins of environmentalism, 1600-1860 /
260 _aCambridge ;
_aNew York :
_bCambridge University Press,
_c1995.
300 _axiv, 540 p. :
_bill., maps ;
_c24 cm.
650 0 _aEnvironmentalism
856 4 2 _uhttp://www.loc.gov/catdir/description/cam025/93028654.html
856 4 1 _uhttp://www.loc.gov/catdir/toc/cam026/93028654.html
942 _cAEDBB
999 _c18594
_d18594